|
|
|
|
| LEADER |
00902nam a2200229 a 4500 |
| 008 |
090830s1975 nyua j 000 1 eng d |
| 020 |
|
|
|a 0834810336(v. 2)
|
| 040 |
|
|
|a DLC
|c DLC
|d DLC
|
| 082 |
0 |
0 |
|a 398.2/095
|2 18
|
| 245 |
0 |
0 |
|a Folk tales from Asia for children everywhere /
|c Asian Cultural Centre for Unesco.
|
| 260 |
|
|
|a New York :
|b Weatherhill,
|c 1979
|
| 300 |
|
|
|a 53 p. :
|b col. illus. ;
|c 25 cm.
|
| 362 |
0 |
|
|a Vol. 2
|
| 490 |
0 |
|
|a Asian copublication programme series
|
| 500 |
|
|
|a "Sponsored by the Asian Cultural Centre for Unesco."
|
| 541 |
1 |
|
|e 00002638
|
| 650 |
|
0 |
|a Tales
|z Asia.
|
| 650 |
|
1 |
|a Folklore
|z Asia.
|
| 710 |
2 |
|
|a Asian Cultural Centre for Unesco.
|
| 852 |
4 |
|
|a Ayesha Abed Library
|j General shelf
|
| 999 |
|
|
|c 3448
|d 3448
|
| 952 |
|
|
|0 0
|1 0
|2 ddc
|4 0
|6 398_209500000000000_FOL_1975
|7 0
|9 8028
|a BRACUL
|b BRACUL
|c GEN
|d 2010-02-11
|g 715.00
|l 12
|o 398.2095 FOL
|p 3010002638
|r 2019-08-08
|s 2019-06-17
|w 2010-02-11
|y BK
|